00729nam a22001577a 4500008004100000040005500041080001200096245017500108260004900283300001600332500004900348650001600397942001200413999001700425952012900442230428b |||||||| |||| 00| 0 eng d aNational Science LibrarycNational Science Library a539(05) aNuclear physics and soild state physics symposiumc/ Proceedings of the nuclear physics and solid state physics symposium 1969 University of Roorkee, 28-31 December, 1969 aIndia: bDepartment of Atomic Energy, c1969 aviii, 441p. aVol. II Nuclear physics (Contributed papers) aProceedings 2udccPR c24545d24545 00102udc4065390570936032aNSLbNSLcGF/Rk-6/C-8/R-6d1974-07-27l0o539(05)p63904r2023-04-28 00:00:00w1974-07-27yPR